书目信息 |
| 题名: |
民法习题集
|
|
| 作者: | 李仁玉 主编 | |
| 分册: | ||
| 出版信息: | 北京 法律出版社 2007.08 |
|
| 页数: | 240页 | |
| 开本: | 21cm | |
| 丛书名: | ||
| 单 册: | ||
| 中图分类: | D923-44 | |
| 科图分类: | ||
| 主题词: | 法律--中国 | |
| 电子资源: | ||
| ISBN: | 978-7-5036-7588-1 | |
| 000 | 00463nam0 2200181 45 | |
| 005 | 20080918100815.31 | |
| 010 | @a978-7-5036-7588-1@dCNY28.00 | |
| 092 | @bLR | |
| 102 | @aCN@b110000 | |
| 200 | 1 | @a民法习题集@f李仁玉 主编@Fli ren yu zhu bian |
| 210 | @a北京@c法律出版社@d2007.08 | |
| 215 | @a240页@d21cm | |
| 606 | 0 | @a法律@x中国 |
| 690 | @aD923-44@v4 | |
| 701 | 0 | @a李仁玉@Ali ren yu@4主编 |
| 801 | 0 | @c20080918 |
| 905 | @dD923-44@eL240@f3 | |
| 906 | @cLR@dCNY28.00@n0@r1 | |
| 民法习题集/李仁玉 主编.-北京:法律出版社,2007.08 |
| 240页;21cm |
| ISBN 978-7-5036-7588-1:CNY28.00 |
| ● |
| 相关链接 |
|
|
|
正题名:民法习题集
索取号:D923-44/L240
 
预约/预借
| 序号 | 登录号 | 条形码 | 馆藏地/架位号 | 状态 | 备注 |
| 1 | 678216 | 206782169 | 社科库509/509社科库 91排5列5层/ [索取号:D923-44/L240] | 在馆 | |
| 2 | 678217 | 206782178 | 社科库509/509社科库 91排5列5层/ [索取号:D923-44/L240] | 在馆 | |
| 3 | 678218 | 206782187 | 社科库509/509社科库 91排5列5层/ [索取号:D923-44/L240] | 在馆 |